| 000 | 00728 a2200205 4500 | ||
|---|---|---|---|
| 999 |
_c26574 _d26574 |
||
| 008 | 230617b ||||| |||| 00| 0 eng d | ||
| 020 |
_a9789354642210 _cRs.949.00 |
||
| 082 | 0 | 0 |
_a621.4021 _bB733 |
| 100 |
_aBorgnakke, Claus _95468 |
||
| 245 |
_aFundamentals of Thermodynamics / _cClaus Borganakke, and Richard E. Sonntag ; adapted by Souvik Bhattacharyya and Manoj Kumar Soni |
||
| 250 | _a10th ed. | ||
| 260 |
_aNew Delhi: _bWiley India Pvt. Ltd., _c2022. |
||
| 300 | _axxiv, 771 p. : ill. ; 26 cm. | ||
| 500 | _aAn Indian adaption | ||
| 650 | 0 | _aThermodynamics | |
| 700 |
_95391 _aSonntag, Richard E. |
||
| 700 |
_95469 _aBhattacharyya, Souvik _eadapter |
||
| 700 |
_95470 _aSoni, Manoj Kumar _eadapter |
||
| 942 |
_2ddc _cBK |
||